000 00648nas a2200229 4500
001 BR9207455
003 BR-BrBNA
005 20231205095030.0
007 ta
008 230509b bl.|||p| |||| 00| 00por d
040 _aBR-BrBNA
_bpor
_cBiblioteca Nacional de Agricultura
041 _a(Pt)
072 _aN10
100 1 _aPy, C.R.
245 1 _aCercas eletricas, um novo conceito
650 _aCerca Eletrica
650 _aInstalacao Agricola
650 _aPratico
773 0 _tLavoura Arrozeira (Brazil)
_xISSN 0023-9143
_g(Nov-Dec 1991), v. 44(399) p. 34
_wBR9207455
909 _a202311
_bLúcia
_c55
_dLúcia Elande
942 _2AGRIS
_n0
_cANA
999 _c148366
_d148366